Manipulační a dopravní technika II. /

Hlavní autor: Gašparík, Miroslav
Korporativní autor: Česká zemědělská univerzita v Praze. Lesnická a dřevařská fakulta
Jazyk: Čeština
Vydáno: V Praze : Česká zemědělská univerzita, 2017
Vydání: Vydání první
Témata:
Fyzický popis: 176 stran : ilustrace ; 30 cm
Knihy
Uloženo v:
LEADER 02257nam a2200601 i 4500
001 nkc20172896500
003 CZ PrNK
005 20180314103803.0
007 ta
008 170510s2017 xr a e p 000 0 cze
015 |a cnb002896500 
020 |a 978-80-213-2760-3  |q (brožováno) 
035 |a (OCoLC)1028185963 
040 |a BOA001  |b cze  |e rda 
072 7 |a 62  |x Technika všeobecně  |2 Konspekt  |9 19 
072 7 |a 37.016  |x Učební osnovy. Vyučovací předměty. Učebnice  |2 Konspekt  |9 22 
080 |a 621.86  |2 MRF 
080 |a 621.87  |2 MRF 
080 |a 621.86/.87  |2 MRF 
080 |a 656.025:62-1  |2 MRF 
080 |a 674  |2 MRF 
080 |a (075.8)  |2 MRF 
100 1 |a Gašparík, Miroslav  |7 jo2016902989  |4 aut 
245 1 0 |a Manipulační a dopravní technika II. /  |c Miroslav Gašparík 
250 |a Vydání první 
264 1 |a V Praze :  |b Česká zemědělská univerzita,  |c 2017 
300 |a 176 stran :  |b ilustrace ;  |c 30 cm 
336 |a text  |b txt  |2 rdacontent 
337 |a bez média  |b n  |2 rdamedia 
338 |a svazek  |b nc  |2 rdacarrier 
500 |a Nad názvem: Česká zemědělská univerzita v Praze, Fakulta lesnická a dřevařská 
500 |a 100 výtisků 
504 |a Obsahuje bibliografii 
521 8 |a Určeno pro posluchače LFD 
650 0 7 |a manipulace s materiálem  |7 ph115221  |2 czenas 
650 0 7 |a zdvihací zařízení  |7 ph127594  |2 czenas 
650 0 7 |a manipulační technika  |7 ph122612  |2 czenas 
650 0 7 |a transportní stroje  |7 ph165985  |2 czenas 
650 0 7 |a dřevozpracující průmysl  |7 ph114408  |2 czenas 
650 0 9 |a materials handling  |2 eczenas 
650 0 9 |a lifting equipment  |2 eczenas 
650 0 9 |a material handling engineering  |2 eczenas 
650 0 9 |a transport machines  |2 eczenas 
650 0 9 |a woodworking industry  |2 eczenas 
655 7 |a učebnice vysokých škol  |7 fd133772  |2 czenas 
655 9 |a textbooks (higher)  |2 eczenas 
710 2 |a Česká zemědělská univerzita v Praze.  |b Lesnická a dřevařská fakulta  |7 ko2007416980  |4 isb 
910 2 |a BOA001  |b 4-1401.775 
928 9 |a Česká zemědělská univerzita v Praze 
990 |a BK 
995 |a 01 
991 |b 201802  |c NOV 
996 6 |b 2610734459  |c 4-1401.775  |l MZK  |r Sklad / do 1 hodiny  |n 10  |p p.v.  |w 001650857  |u 000010  |a 1  |e BOA001  |j MZK50  |s P